Vista normal Vista MARC

Entrada Personal Name

Número de registros utilizados en: 1

001 - CONTROL NUMBER

  • control field: 39241

003 - CONTROL NUMBER IDENTIFIER

  • control field: OSt

005 - DATE AND TIME OF LATEST TRANSACTION

  • control field: 20210810160658.0

008 - FIXED-LENGTH DATA ELEMENTS

  • fixed length control field: 210810|| aca||aabn | a|a d

040 ## - CATALOGING SOURCE

  • Original cataloging agency: OSt
  • Transcribing agency: OSt

100 ## - HEADING--PERSONAL NAME

  • Personal name: Díez Benjumea, John Miguel

670 ## - SOURCE DATA FOUND

  • Source citation: Work cat.: (OSt)8277: Varela Villegas, Rodrigo, 16823 autor, Evaluación económica de proyectos de inversión / , ©2010